| 000 | 00746nas a2200265 4500 | ||
|---|---|---|---|
| 001 | BR8404305 | ||
| 003 | BR-BrBNA | ||
| 005 | 20231205085951.0 | ||
| 007 | ta | ||
| 008 | 230509b bl.|||p| |||| 00| 00por d | ||
| 040 |
_aBR-BrBNA _bpor _cBiblioteca Nacional de Agricultura |
||
| 041 | _a(Pt) | ||
| 072 | _aF30 | ||
| 100 | 1 | _aCarvalho, A. | |
| 100 | 1 | _aMonaco, L.C. | |
| 100 | 1 | _aFazuoli, L.C. | |
| 100 | 1 | _aCosta, W.M. da | |
| 100 | 1 | _aMedina Filho, H.P. | |
| 245 | 1 | _aVariabilidade na producao em progenies do cafeeiro Mundo Novo | |
| 650 | _aCAFE | ||
| 650 | _aPROGENIE | ||
| 773 | 0 |
_tBragantia (Brazil) _xISSN 0006-8705 _g(1984), v. 43(2) p. 509-517 _wBR8404305 |
|
| 909 |
_a202311 _bLúcia _c55 _dLúcia Elande |
||
| 942 |
_2AGRIS _n0 _cANA |
||
| 999 |
_c115174 _d115174 |
||